Der Nebenkläger im Strafverfahren
| Main Author: | |
|---|---|
| Format: | Print Book |
| Language: | German Undetermined language |
| Published: |
Lübeck
Schmidt-Römhild
1980
|
| In: |
Praxis-Information / Recht (2)
Year: 1980 |
| Check availability: | HBZ Gateway |
| Subito Delivery Service: | Order now. |
| Keywords: |
MARC
| LEADER | 00000cam a2200000 c 4500 | ||
|---|---|---|---|
| 001 | 275093247 | ||
| 003 | DE-627 | ||
| 005 | 20260206195136.0 | ||
| 007 | tu | ||
| 008 | 850101s1980 gw ||||| 00| ||ger c | ||
| 015 | |a 87,A51,0382 |2 dnb | ||
| 016 | 7 | |a 871415208 |2 DE-101 | |
| 020 | |a 3795022010 |9 3-7950-2201-0 | ||
| 035 | |a (DE-627)275093247 | ||
| 035 | |a (DE-603)009585559 | ||
| 035 | |a (DE-576)007897065 | ||
| 035 | |a (DE-599)GBV275093247 | ||
| 035 | |a (OCoLC)246539809 | ||
| 035 | |a (OCoLC)10147620 | ||
| 040 | |a DE-627 |b ger |c DE-627 |e rakwb | ||
| 041 | |a ger |a und | ||
| 044 | |c XA-DE | ||
| 082 | 0 | |a 344.3055 | |
| 082 | 0 | |a 345.43/05 | |
| 082 | 0 | |a 345.4305 |a 344.3055 |2 DDC19oclc | |
| 084 | |a 19 |2 sdnb | ||
| 084 | |a PH 5080 |2 rvk |0 (DE-625)rvk/136182: | ||
| 100 | 1 | |a Amelunxen, Clemens |d 1927-1995 |0 (DE-588)117732966 |0 (DE-627)079149537 |0 (DE-576)160068959 |4 aut | |
| 109 | |a Amelunxen, Clemens 1927-1995 |a Amelunxen, Klemens 1927-1995 |a Amelunxen, Clemens R. 1927-1995 | ||
| 245 | 1 | 4 | |a Der Nebenkläger im Strafverfahren |c von Clemens Amelunxen |
| 264 | 1 | |a Lübeck |b Schmidt-Römhild |c 1980 | |
| 300 | |a 101 S. | ||
| 336 | |a Text |b txt |2 rdacontent | ||
| 337 | |a ohne Hilfsmittel zu benutzen |b n |2 rdamedia | ||
| 338 | |a Band |b nc |2 rdacarrier | ||
| 490 | 1 | |a Praxis-Information |a Recht |v 2 | |
| 500 | |a In Memoriam Ernst Thierbach 1902-1980 | ||
| 583 | 1 | |a Archivierung prüfen |c 20241027 |f DE-4165 |z 2 |2 pdager | |
| 583 | 1 | |a Archivierung/Langzeitarchivierung gewährleistet |f PESH |x XA-DE-SH |2 pdager |5 DE-68 | |
| 689 | 0 | 0 | |d s |0 (DE-588)4171378-3 |0 (DE-627)105395307 |0 (DE-576)209936541 |a Nebenkläger |2 gnd |
| 689 | 0 | 1 | |d s |0 (DE-588)4116634-6 |0 (DE-627)105805297 |0 (DE-576)209503203 |a Strafverfahren |2 gnd |
| 689 | 0 | |5 DE-101 | |
| 830 | 0 | |a Praxis-Information / Recht |v 2 |9 2 |w (DE-627)543821749 |w (DE-576)007897057 |w (DE-600)2387914-2 |7 am | |
| 889 | |w (DE-627)02493934X | ||
| 935 | |i mdedup | ||
| 935 | |i Blocktest | ||
| 935 | |h HEB |i 0501 | ||
| 935 | |h HEB |i 0503 | ||
| 936 | r | v | |a PH 5080 |b Privatklage, Nebenklage, Adhäsionsverfahren, Rechtliche Stellung des Verletzten |k Rechtswissenschaft |k Strafrecht, Strafverfahrensrecht, Kriminologie |k Strafverfahrensrecht |k Beteiligung des Verletzten am Verfahren |k Privatklage, Nebenklage, Adhäsionsverfahren, Rechtliche Stellung des Verletzten |0 (DE-627)1272071405 |0 (DE-625)rvk/136182: |0 (DE-576)202071405 |
| 936 | s | n | |a p100 |2 mzub |
| 951 | |a BO | ||
| ELC | |b 1 | ||
| LOK | |0 000 xxxxxcx a22 zn 4500 | ||
| LOK | |0 001 3156851582 | ||
| LOK | |0 003 DE-627 | ||
| LOK | |0 004 275093247 | ||
| LOK | |0 005 20140701142911 | ||
| LOK | |0 008 140701||||||||||||||||ger||||||| | ||
| LOK | |0 040 |a DE-21-110 |c DE-627 |d DE-21-110 | ||
| LOK | |0 689 |a s |a Nebenklage | ||
| LOK | |0 852 |z Kein Bestand am IfK; Nachweis für KrimDok | ||
| LOK | |0 852 |a DE-21-110 | ||
| LOK | |0 852 1 |m v |9 00 | ||
| LOK | |0 935 |a k110 | ||
| LOK | |0 938 |k v | ||
| LOK | |0 939 |a 01-07-14 |b l01 | ||
| ORI | |a SA-MARC-krimdoka001.raw | ||
